All wrapped up / (Record no. 361010)
[ view plain ]
| 000 -LEADER | |
|---|---|
| fixed length control field | 00678nam a2200265Ia 4500 |
| 008 - FIXED-LENGTH DATA ELEMENTS--GENERAL INFORMATION | |
| fixed length control field | 190123s9999 xx 000 0 und d |
| 020 ## - INTERNATIONAL STANDARD BOOK NUMBER | |
| International Standard Book Number | 9780516219493 |
| 050 ## - LIBRARY OF CONGRESS CALL NUMBER | |
| Item number | C156 2003 |
| 100 ## - MAIN ENTRY--PERSONAL NAME | |
| Personal name | Callahan, Theresa S. |
| 245 #0 - TITLE STATEMENT | |
| Title | All wrapped up / |
| 245 #0 - TITLE STATEMENT | |
| Statement of responsibility, etc | by Theresa S. Callahan ; illustrated by mike Gordon. |
| 260 ## - PUBLICATION, DISTRIBUTION, ETC. (IMPRINT) | |
| Place of publication, distribution, etc | New York, New York : |
| 260 ## - PUBLICATION, DISTRIBUTION, ETC. (IMPRINT) | |
| Name of publisher, distributor, etc | Children's Press, |
| 260 ## - PUBLICATION, DISTRIBUTION, ETC. (IMPRINT) | |
| Date of publication, distribution, etc | 2003 |
| 300 ## - PHYSICAL DESCRIPTION | |
| Extent | 31 pages : |
| 300 ## - PHYSICAL DESCRIPTION | |
| Other physical details | colored illustrations ; |
| 300 ## - PHYSICAL DESCRIPTION | |
| Dimensions | 17cm. |
| 440 ## - SERIES STATEMENT/ADDED ENTRY--TITLE | |
| Title | A rookie reader. |
| 500 ## - GENERAL NOTE | |
| General note | 290L |
| 650 ## - SUBJECT ADDED ENTRY--TOPICAL TERM | |
| Topical term or geographic name as entry element | Brothers and sisters. |
| 650 ## - SUBJECT ADDED ENTRY--TOPICAL TERM | |
| Topical term or geographic name as entry element | Gifts. |
| 700 ## - ADDED ENTRY--PERSONAL NAME | |
| Personal name | Gordon, Mike. |
| 700 ## - ADDED ENTRY--PERSONAL NAME | |
| Personal name | Series. |
| 700 ## - ADDED ENTRY--PERSONAL NAME | |
| Personal name | Title. |
| Withdrawn status | Lost status | Damaged status | Home library | Current library | Shelving location | Date acquired | Total Checkouts | Full call number | Barcode | Date last seen | Price effective from | Koha item type |
|---|---|---|---|---|---|---|---|---|---|---|---|---|
| Stonyhurst Southville International School (Malarayat) | Stonyhurst Southville International School (Malarayat) | 01/23/2019 | LEX C156 2003 | SSISM6167 | 01/23/2019 | 01/23/2019 | Lexile |